Normal view
MARC view
- Deep&Company
Entry Personal Name
001 - CONTROL NUMBER
- control field: 5542
003 - CONTROL NUMBER IDENTIFIER
- control field: OSt
005 - DATE AND TIME OF LATEST TRANSACTION
- control field: 20180125121258.0
008 - FIXED-LENGTH DATA ELEMENTS
- fixed length control field: 180125|| aca||aabn | a|a d
040 ## - CATALOGING SOURCE
- Original cataloging agency: OSt
- Transcribing agency: OSt
100 ## - HEADING--PERSONAL NAME
- Personal name: Deep&Company
670 ## - SOURCE DATA FOUND
- Source citation: Work cat.: (OSt): Deep&Company, Mathematics-VI